Girona FC Squad 2022-2023 - Statistics

General Stats
  • This quiz has been taken 118 times
    94 since last reset
  • The average score is 18 of 30
Answer Stats
# Position Nation Player % Correct
7 FW Uruguay Cristhian Stuani
86%
8 FW Ukraine Viktor Tsyhankov
86%
13 GK Argentina Paulo Gazzaniga
83%
9 FW Argentina Taty Castellanos
83%
4 DF Spain Arnau Martínez
81%
21 MF Venezuela Yangel Herrera
81%
14 MF Spain Aleix García
78%
24 MF Spain Borja García
72%
3 DF Spain Miguel Gutiérrez
72%
15 DF Spain Juanpe
69%
23 MF Spain Iván Martín
67%
1 GK Spain Juan Carlos
67%
- Coach Spain Míchel
67%
5 DF Spain David López
64%
22 DF Uruguay Santiago Bueno
64%
20 DF Brazil Yan Couto
64%
2 DF Colombia Bernardo Espinosa
61%
18 MF Spain Oriol Romeu
61%
11 FW Spain Valery Fernández
58%
19 MF Brazil Reinier Jesus
56%
17 FW Spain Rodrigo Riquelme
56%
25 DF Peru Alexander Callens
53%
12 FW Spain Toni Villa
53%
16 DF Spain Javi Hernández
50%
6 MF Mali Ibrahima Kébé
47%
26 GK Spain Toni Fuidias
47%
10 FW Spain Samu Saiz
42%
8 MF Spain Ramón Terrats
36%
32 FW Spain Óscar Ureña
22%
25 FW Spain Manu Vallejo
17%
No matching quizzes found
Score Distribution
Percent of People with Each Score
Percentile by Number Answered
Your Score History
You have not taken this quiz since the last reset